1542 1099 1828 1257 1219 1298 1573 1051 1291 1255 1248 1456 1014 1492 1181 1605 1666 1287 1315 1426 1353 1697 1735 1454 1454 1695 1996 1027 1976 1152 1753 1881 1461 1912 1713 1311 1062 1993 1757 1824 1155 1913 1669 1160 1458 1801 1070 1630 1850 1308 1879 1629 1628 1739 1068 1596 1080 1376 1448 1394 1849 1117 1878 1451 1288 1290 1378 1108 1541 1391 1409 1835 1495 1239 1747 1850 1829 1515 1715 1433 1725 1170 1643 1108 1126 1794 1486 1025 1840 1925 1898 1182 1742 1433 1663 1460 1589 1490 1910 BCNSPRNW ULIB Ver.6.0+V

เปลี่ยนเป็นภาษาไทย

Change to English
 แสดงรายละเอียดบรรณานุกรม
  กลับหน้าหลัก

Brief Record : Get Marc (ISO 2709) : E-mail record : QR code < ปิดหน้าต่าง
LEADER : 00000nam 2200000uu 4500
001    13399114736
003     ULIB
008    120510s2553||||th 000 0 tha d
099    ^aวจ.LB1025^bบ788ค
100 0  ^aเบญจวรรณ ศรีโยธิน
245 00 ^aรูปแบบการสอนโดยใช้ Enquiry-based learning ในเรื่องกฎหมายที่เกียวข้องกับการประกอบวิชาชีพการพยาบาล/^cเบญจวรรณ ศรีโยธิน
246    ^aUsing enquiry-based learning in laws and regulations associated with nursing profession
260    ^aราชบุรี :^bวิทยาลัยพยาบาลบรมราชชนนี ราชบุรี,^c2553
300    ^a76 หน้า :^bตาราง
500    ^aรายงานการวิจัย
650  7 ^aการสอน^xวิจัย
650  7 ^aEnquiry-based learning^xวิจัย
650  7 ^a กฎหมายที่เกียวข้องกับการประกอบวิชาชีพการพยาบาล^xวิจัย
710 2  ^aวิทยาลัยพยาบาลบรมราชชนนี. ^bราชบุรี
945    ^p0^l0^i031738
995    ^aเกษร
999    ^aใช้งานได้ทุกระบบ
รายการนี้ยังไม่มีแท็ก
คุณยังไม่ได้ล็อกอิน คุณสามารถมีกิจกรรมร่วมกับเว็บไซต์ได้ แต่ต้องล็อกอินก่อน ::
  ล็อกอิน

รายการสื่อสารสนเทศ

ลำดับที่ ประเภท เลขเรียก/บาร์โค้ด สถานที่ สถานะ
1. วิทยาศาสตร์การแพทย์ และสุขภาพ
วิทยาศาสตร์การแพทย์ และสุขภาพ
วจ.LB1025 บ788ค  
  Barcode: 031738
ห้องสมุดวิทยาเขตสวรรค์ประชารักษ์
►วิจัย
บนชั้น

BibComment


ยังไม่เคยถูกคอมเมนท์

คอมเมนท์ทรัพยากรรายการนี้
  คอมเมนท์: รูปแบบการสอนโดยใ..


 Copyright 2026. Bcnsprnw @Library